Nazwij pasującą stolicę #1 - Statystyki

Ogólne statystyki
  • Ten quiz został rozwiązany 13 437 razy
  • Średni wynik to 9 z 18
Statystyki odpowiedzi
Nazwij stolicę... Stolica % Poprawnych
która leży dalej na północ niż Moskwa: Helsinki | Oslo | Reykjavík | Ryga | Sztokholm | Tallin
98%
która leży bliżej niż 15 kilometrów od Morza Śródziemnego: Algier | Ateny | Bejrut | Monako | Rzym | Trypolis | Tunis | Valletta
93%
która jest stolicą jednego z krajów bałtyckich: Ryga | Tallinn | Wilno
81%
która leży w Ameryce Środkowej Belmopan | Gwatemala | Managua | Panama | San José | San Salvador | Tegucigalpa
68%
która leży dalej niż 1200 kilometrów od jakiejkolwiek innej stolicy państwa: Bandar Seri Begawan | Brasília | Canberra | Dili | Honiara | Ngerulmud | Palikir | Port Moresby | Reykjavík | Victoria | Wellington
62%
która była stolicą niepodległego państwa w 1 roku: Rzym
52%
która leży dalej niż 850 kilometrów od morza: Astana | Aszchabad | Bangi | Biszkek | Brasília | Duszanbe | Dżuba | Gitega | Islamabad | Kabul | Kampala | Kigali | Ndżamena | Nowe Delhi | Taszkent | Ułan Bator
51%
której średnia wysokość jest większa niż 2500m n.p.m.: Bogota | La Paz | Quito | Sucre | Thimphu
47%
która zaczyna się od "J": Jamusukro | Jaunde | Jerozolima
47%
która nie była stolicą niepodległego państwa w 1995 roku: Astana | Dili | Dżuba | Gitega | Naypyidaw | Ngerulmud | Prisztina | Podgorica
45%
która leży nad Zatoką Perską: Abu Zabi | Doha | Kuwejt | Manama
40%
w której spada rocznie mniej niż 80mm opadów atmosferycznych: Abu Zabi | Doha | Kair | Lima | Manama
36%
która zaczyna się od "Port": Port-au-Prince | Port Louis | Port Moresby | Port-of-Spain | Port Vila | Porto-Novo
36%
która jest stolicą państwa leżącego w Australii i Oceanii (poza Australią i Nową Zelandią): Apia | Funafuti | Honiara | Majuro | Ngerulmud | Nuku'alofa | Palikir | Port Moresby | Port Vila | Suva | Tarawa | Yaren
29%
która ma tylko jedną sylabę: Mińsk | Rzym
24%
która leży nad jeziorem większym niż 3000 km2: Baku | Kampala
23%
która leży w 2° szerokości geograficznej od równika: Libreville | Kampala | Kigali | Nairobi | Quito | Singapur | São Tomé
17%
która została nazwana na część osoby urodzonej po 1500 roku, która nie jest George'em Washingtonem: Brazzaville | Georgetown | Monrovia | Port Louis | Pretoria | Sucre | Victoria | Wellington
15%
Nie znaleziono quizów pasujących do podanych kryteriów
Rozkład punktacji
Procent ludzi z każdym wynikiem
Percentyl według liczby udzielonych odpowiedzi
Twoja historia wyników
Nie rozwiązałeś tego quizu